000 00929cam a22003011i 4500
001 39666
005 20230404125943.0
008 790517s1974 bl b 000 0 por
010 _a 75553552
035 _a(OCoLC)ocm01380213
040 _aDLC
_cDLC
_dNLGGC
029 1 _aNLGGC
_b801048613
035 _a(OCoLC)1380213
043 _as-bl---
050 1 4 _a103 BX 1466.2
_bH789f 1974
100 1 _aHoornaert, Eduardo.
245 1 0 _aFormacao do catolicismo brasileiro, 1550-1800 :
_bensaio de interpretacao a partir dos oprimidos /
_cEduardo Hoornaert.
260 _aPetrópolis :
_bVozes,
_c1974.
300 _a140 p. ;
_c21 cm.
490 1 _aHistória da Igreja ;
_v1
490 0 _aPublicacoes CID
504 _aIncludes bibliographical references.
610 2 0 _aCatholic Church
_zBrazil.
650 1 7 _aRooms-Katholieke Kerk.
_2gtt
830 0 _aHistoria da Igreja ;
_v1.
942 _2lcc
_cbk
994 _aC0
_bDRFGD
999 _c8000
_d8000